000 00570nam a22002057a 4500
999 _c6353
_d6353
003 OSt
005 20191021134307.0
008 191021b ||||| |||| 00| 0 eng d
020 _a 9789080635616
020 _a9080635618
040 _cDDC
082 _a567 LOT 2001
100 _aLothian, Niall; Small, John
_912992
245 _aAn Introduction to Financial Accounting
260 _aNetherlands;
_bTMC Asser Press,
_c2001
300 _a=456p;
_bill:
_c23cm
504 _aAppendices, & index included
650 _aFinancial accounting
_95655
942 _2ddc
_cO_SHELF